000 nam a22 a 4500
999 _c4289
_d4289
003 AKMAL
005 20170526153245.0
008 170526s2003 my | e l 000 0 may d
020 _a9677008773(kkt.) :
_cRM20.00
082 0 4 _a345.595077 KAN
_222
090 0 0 _a345.595077
_bKAN
110 1 _aMalaysia
_9400
245 1 0 _aKanun Acara Jenayah :
_bsemua pindaan hingga Jun, 2003 ( Akta 593)
260 _aKuala Lumpur :
_bMDC Publishers,
_c2003
300 _a248ms. ;
_c26cm.
650 1 0 _aCriminal procedure
_zMalaysia
_93883
650 2 0 _aCriminal law
_zMalaysia
_93716
942 _2ddc
_cBOOK